Statistics for Longest Serving Rulers In History

Click here to take the quiz!

General Stats

  • This quiz has been taken 25 times
  • The average score is 6 of 15

Answer Stats

PolityReignAnswer% Correct
British Empire1952 AD - 2022 ADElizabeth II
96%
French Empire1715 AD - 1774 ADLouis XIV
83%
Japanese Empire1926 AD - 1989 ADHirohito
75%
Roman Empire27 BC - 14 ADAugustus
67%
Russian Empire1530 AD - 1584 ADIvan the Terrible
54%
Ottoman Empire1520 AD - 1566 ADSuleiman I
42%
Aztec Empire1440 AD - 1469 ADMoctezuma I
33%
Malian Empire1312 AD - 1337 ADMansa Musa
29%
Holy Roman Empire1452 AD - 1493 ADFrederick III
21%
Neo-Babylonian Empire605 BC - 562 BCNebuchadnezzar II
17%
Byzantine Empire976 AD - 1025 ADBasil II
13%
Egyptian Empire2278 BC - 2184 BCPepi II
13%
Umayyad Caliphate685 AD - 705 ADAbd al-Malik
8%
Qing Dynasty1661 AD - 1722 ADKangxi
8%
Sasanian Empire (Persia)309 AD - 379 ADShapur II
8%

Score Distribution

Percentile by Number Answered

Percent of People with Each Score

Your Score History

You have not taken this quiz